Πηγές προελεύσεως αλλοδαπών τουριστών : δυνατότητες και προοπτικές

Αποθηκεύτηκε σε:
Λεπτομέρειες βιβλιογραφικής εγγραφής
Κύριος συγγραφέας: Παυλόπουλος, Παναγιώτης Γ., 1930-
Συγγραφή απο Οργανισμό/Αρχή: Ινστιτούτο Τουριστικών Ερευνών και Προβλέψεων (Ι.Τ.Ε.Π.)
Μορφή: Βιβλίο
Γλώσσα:Greek
Δημοσίευση: Αθήνα : ΙΤΕΠ, 2008
Σειρά:Ειδικές εκδόσεις ; ; 8
Θέματα:
Ετικέτες: Προσθήκη ετικέτας
Δεν υπάρχουν, Καταχωρήστε ετικέτα πρώτοι!

MARC

LEADER 00000cam a2200000 i 4500
001 1/105887
008 090605s2008 gre d
020 |a 978-960-89998-1-7 
035 |l 10105001 
040 |a GR-MY-UA  |b gre  |e aacr 
041 0 |a gre 
082 0 |a 338.4791  |2 (22) 
100 1 |a Παυλόπουλος, Παναγιώτης Γ.,   |d 1930- 
245 1 0 |a Πηγές προελεύσεως αλλοδαπών τουριστών :  |b δυνατότητες και προοπτικές /  |c Παναγιώτης Γ. Παυλόπουλος ; Ινστιτούτο Τουριστικών Ερευνών και Προβλέψεων 
260 |a Αθήνα :   |b ΙΤΕΠ,   |c 2008 
300 |a 88 σ.;  |b διαγ., πίν.;  |c 23 εκ. 
490 1 |a Ειδικές εκδόσεις  |v ; 8 
504 |a Βιβλιογραφία: σ.87 
650 0 0 |a Tourism. 
650 0 0 |a Hospitality industry. 
710 2 |a Ινστιτούτο Τουριστικών Ερευνών και Προβλέψεων (Ι.Τ.Ε.Π.) 
830 0 |a Ειδικές εκδόσεις ;  |v ; 8 
852 |a INST  |b CHIOS  |e 20090605  |h 338.4791 ΠΑΥ  |p 005200030231  |q 005200030231  |t BK  |y 0 
901 |a BIBL2-2009-2 
909 |a Χ  |b 147237 
970 |a ΣΑΛΑΜΟΥΡΑ  |b ΜΑΡΙΑ  |z 2009/06/05